<The> Indian Rubber Board: Report on marketing organisation for rubber (Record no. 74747)

MARC details
000 -LEADER
fixed length control field 00271nam a22000977a 4500
082 ## - DEWEY DECIMAL CLASSIFICATION NUMBER
Classification number NR:339.138(540)
Item number IND
245 ## - TITLE STATEMENT
Title <The> Indian Rubber Board: Report on marketing organisation for rubber
260 ## - PUBLICATION, DISTRIBUTION, ETC. (IMPRINT)
Place of publication Kottayam
Name of publisher Indian Rubber Board
Year of publication 1950
300 ## - PHYSICAL DESCRIPTION
Number of Pages 27p.
942 ## - ADDED ENTRY ELEMENTS (KOHA)
Koha item type Books
Holdings
Withdrawn status Lost status Damaged status Not for loan Home library Current library Date acquired Full call number Accession Number Koha item type
        RRII Library RRII Library 29/06/2022 NR:339.138(540) IND 24311J Books